000 00296nam a22001337a 4500
008 170925b xxu||||| |||| 00| 0 eng d
020 _a9780912006659
041 _aeng
080 _a37
100 _a46
101 _aEDU
245 _aFANTASTIC ANTONE SUCCEEDS!
_cKLEINFELD,J
942 _2udc
_cBK
999 _c29599
_d29599